Quy hoạch khu công nghiệp, thiết kế mặt bằng tổng thể nhà máy, nhà và công trình công nghiệp /

Bố trí các xí nghiệp công nghiệp và quy hoạch khu công nghiệp của thành phố; Mặt bằng tổng thể các xí nghiệp công nghiệp; Trang thiết bị kỹ thuật và hoàn thiện xây dựng trong xí nghiệp; Quy định chung thiết kế nhà sản xuất; Cơ sở vật lý kỹ thuật tạo lập điều kiện lao động trong nhà sản xuất; Nhà sản...

Full description

Saved in:
Bibliographic Details
Main Author: Vũ Duy Cừ, TS.
Format: Book
Language:Vietnamese
Published: Hà Nội : Xây dựng, 2003.
Subjects:
Tags: Add Tag
No Tags, Be the first to tag this record!
Institutions: Mạng thư viện Đại học Đà Nẵng
LEADER 02045cam a2200373 a 4500
001 000044162
003 2418
005 20060324151001.0
008 010217b2003 vm 000 vie
020 |c 38000 
040 |a LRC  |c LRC  |d LRC 
041 0 |a vie 
082 1 4 |a 711.55  |b VU-C 
100 1 |a Vũ Duy Cừ,  |c TS. 
245 1 0 |a Quy hoạch khu công nghiệp, thiết kế mặt bằng tổng thể nhà máy, nhà và công trình công nghiệp /  |c Vũ Duy Cừ. 
260 |a Hà Nội :  |b Xây dựng,  |c 2003. 
300 |a 237 tr. :  |b mh. ;  |c 27 cm. 
520 3 |a Bố trí các xí nghiệp công nghiệp và quy hoạch khu công nghiệp của thành phố; Mặt bằng tổng thể các xí nghiệp công nghiệp; Trang thiết bị kỹ thuật và hoàn thiện xây dựng trong xí nghiệp; Quy định chung thiết kế nhà sản xuất; Cơ sở vật lý kỹ thuật tạo lập điều kiện lao động trong nhà sản xuất; Nhà sản xuất một tầng; Nhà sản xuất nhiều tầng; Bao che mặt ngoài nhà sản xuất; Nhà phục vụ sinh hoạt công cộng trong các xí nghiệp công nghiệp; Điển hình hóa thiết kế nhà phục vụ trong xí nghiệp công nghiệp; Kho trong xí nghiệp công nghiệp; Các công trình kỹ thuật trong xí nghiệp công nghiệp; Giải pháp kinh tế trong thiết kế kiến trúc công nghiệp. 
630 0 4 |a Kiến trúc. 
630 0 4 |a Khu công nghiệp. 
650 0 4 |a Công trình  |x Công nghiệp. 
650 0 4 |a Nhà máy. 
OWN |a DUT 
AVA |a UDN50  |b DUT  |c Book  |d 711.55 VU-C  |e available  |t Error 5001 Not defined in file expand_doc_bib_avail.  |f 10  |g 0  |h N  |i 3  |j SH  |k 1 
999 |a From the UDN01 
AVA |a UDN50  |b DUT  |c Book  |d 711.55 VU-C  |e available  |t Error 5001 Not defined in file expand_doc_bib_avail.  |f 10  |g 0  |h N  |i 3  |j SH  |k 1 
TYP |a Monograph 
TYP |a Printed language 
980 |a Mạng thư viện Đại học Đà Nẵng